Conquering one's fears (Record no. 70702)

MARC details
000 -LEADER
fixed length control field 01478cam a2200253 4500
001 - CONTROL NUMBER
control field ABS65662
008 - FIXED-LENGTH DATA ELEMENTS--GENERAL INFORMATION
fixed length control field 020710n2002 000 0 eng u
035 ## - SYSTEM CONTROL NUMBER
System control number (Sirsi) u118763
100 ## - MAIN ENTRY--PERSONAL NAME
Personal name Ezard, K.
245 ## - TITLE STATEMENT
Title Conquering one's fears
260 ## - PUBLICATION, DISTRIBUTION, ETC.
Date of publication, distribution, etc. 2002
490 ## - SERIES STATEMENT
Series statement Estates Gazette
Volume/sequential designation (0225) 22 June 2002, 59-62(4)
520 ## - SUMMARY, ETC.
Summary, etc. Looks at UK institutions who are seeking higher returns by investing abroad. Notes they are very cautious of these new opportunties as many are keen to avoid the bad experiences they may suffered from the last recession. Advises investors should choose indirect vehicles and spread their investments across core, core plus and opportunity funds. Standard Life is about the only UK institution to have a direct pan-European portfolio with other firms considering other indirect vehicles such as limited partnerships. Warns that UK institutions are likely to face higher costs abroad as the European markets are different and investors lack local knowledge. Concludes by arguing that UK firms may have missed the main opportunity to invest in Europe and face strong competition from German funds who have been investing all over Europe.
590 ## - LOCAL NOTE (RLIN)
Local note ABS
650 ## - SUBJECT ADDED ENTRY--TOPICAL TERM
Topical term or geographic name entry element REAL ESTATE
650 ## - SUBJECT ADDED ENTRY--TOPICAL TERM
Topical term or geographic name entry element UK INSTITUTIONS
650 ## - SUBJECT ADDED ENTRY--TOPICAL TERM
Topical term or geographic name entry element INVESTMENT
650 ## - SUBJECT ADDED ENTRY--TOPICAL TERM
Topical term or geographic name entry element INDIRECT INVESTMENT
650 ## - SUBJECT ADDED ENTRY--TOPICAL TERM
Topical term or geographic name entry element STANDARD LIFE
650 ## - SUBJECT ADDED ENTRY--TOPICAL TERM
Topical term or geographic name entry element CB HILLIER PARKER
650 ## - SUBJECT ADDED ENTRY--TOPICAL TERM
Topical term or geographic name entry element GERMAN INVESTMENT
690 ## - LOCAL SUBJECT ADDED ENTRY--TOPICAL TERM (OCLC, RLIN)
Topical term or geographic name as entry element PROPERTY MANAGEMENT-CORPORATE REAL ESTATE
942 ## - ADDED ENTRY ELEMENTS (KOHA)
Suppress in OPAC 0
Holdings
Withdrawn status Lost status Source of classification or shelving scheme Damaged status Not for loan Home library Current library Shelving location Date acquired Total Checkouts Full call number Barcode Date last seen Copy number Price effective from Koha item type
    Dewey Decimal Classification     London London Journal article 10/07/2002   ABS65662 118763-1001 06/08/2019 1 06/08/2019 Journal article